01576nam a22002777b 4500003000500000005001700005008004100022020002300063040001400086041000600100082001300106100002600119245005000145260004400195300002100239490003100260500039300291650004400684942004500728942001400773999001900787952012300806952012300929952012301052952012301175322820250621085659.0241105b sa ||||j |||| 00| 1 eng d a9781782703631qpbk aRDAcOCLC 2E aEJF MANT aMantle, Clive9190448 aa Jewel in the sands of timecby Clive Mantle aWorksop:bAward Publications Ltd,c2019 a263 pagesc20 cm aa Freddie Malone Adventure aWhen the mysterious map given to him by his eccentric Uncle Patrick sweeps Freddie into another astonishing time-travelling adventure, he finds himself in ancient Egypt - and discovers a terrible plot against the boy king, Tutankhamun.Join Freddie, his best friend Connor, and their feisty new neighbour, Ruby, as a dangerous figure threatens to foil their efforts to save the young king. aConspiracies—Juvenile fiction9194379 w174xSanet Schoemany375zRosinah Mosako 2ddccBOOK c769919d769918 00102ddc40708FaSTANRLbEVANLcCHILDd2024-11-05g169.40l0oEJF MANTp3322803189966r2024-11-05w2024-11-05yBOOK 00102ddc40708FaSTANRLbTHISLcCHILDd2024-11-05g169.40l0oEJF MANTp3322803189969r2024-11-05w2024-11-05yBOOK 00102ddc40708FaSTANRLbKINRLcCHILDd2024-11-05g169.40l0oEJF MANTp3322803189967r2024-11-05w2024-11-05yBOOK 00102ddc40708FaSTANRLbTHISLcCHILDd2025-09-26g169.40l0oEJF MANTp3322803188053r2025-09-26w2025-09-26yBOOK